000 00469nam a2200181Ia 4500
008 090123s9999 xx 000 0 und d
082 _b14185
_a891.463/भावे
100 _aभावे पु. भा.
245 _aआग
250 _a1
260 _bमेनका प्रकाशन
300 _a148
600 _aभावे पु. भा.
630 _aआग
700 _aभावे पु. भा.
730 _aआग
942 _cBOOK
999 _c52246
_d52246